000 00314nam a2200133Ia 4500
100 _aMccIanachan D./ Owens/ R.
942 _cBK
654 _aFoxpro 2.5.
245 _aComplete Foxpro 2.5 Language Reference
260 _bB.P.B. Pub
_aNew Delhi
_c1994
082 _a005.1 'F A'
546 _aENGLISH
999 _c27409
_d27409